000 00568nam a2200241 a 4500
001 nice12345678
003 IN_TiNIC
005 20260116014141.0
008 050802s2004 dela grp 000 0 eng
020 _a8126120088
_c1200
082 0 0 _a297.72
_bSHU
100 _aShujaat, Mohammad
245 _aIslam and War
260 _aDelhi
_bAnmol Publishers
_c2004
300 _a399p
500 _aincludes index and biblioraphy
505 2 _aindex
650 _aJihad
700 1 _aShujaat, Mohammad
902 _bSRS
942 _cBK
999 _c14100
_d14100